[Event "Candidates m5 g/45"]
[Site "Wijk aan Zee"]
[Date "1991.??.??"]
[Round "9"]
[White "Kortschnoj, Viktor Lvovich"]
[Black "Sax, Gyula"]
[Result "1-0"]
[WhiteElo "2615"]
[BlackElo "2605"]
[Annotator "Ribli,Z"]
[PlyCount "97"]
[EventDate "1991.01.??"]
[EventType "match (rapid)"]
[EventRounds "2"]
[EventCountry "NED"]
[SourceTitle "CBM 022"]
[Source "ChessBase"]
[SourceDate "1991.06.01"]
[SourceVersion "1"]
[SourceVersionDate "1991.06.01"]
[SourceQuality "1"]

{SURVEY OPENING} 1. Nf3 Nf6 2. c4 c5 3. Nc3 Nc6 4. d4 cxd4 5. Nxd4 e6 6. a3 {
Der Zug von Grossmeister Speelman, der Schwarz zur Zeit einige Probleme
bereitet. Die schwarze Möglichkeit ...Bf8-b4 wird verhindert und evtl. b2-b4
vorbereitet.} (6. Ndb5 Bb4 (6... d5 7. Bf4 e5 8. cxd5 exf4 9. dxc6 bxc6 $13) 7.
a3 $14) (6. g3 Qb6 7. Nb3 Ne5 8. e4 Bb4 $13) 6... Be7 $5 {In diesem Moment
führt dieser Zug zur einer einfachen Stellung, in der Schwarz gute Chancen auf
Ausgleich hat.} (6... Nxd4 $6 {Die Neuerung von Grossmeister Sax - die für den
Wettkampf gegen Kortschnoj vorbereitet wurde - gibt jedoch keinen Ausgleich
für Schwarz.} 7. Qxd4 b6 8. Qf4 $1 (8. Bf4 $2 Bc5 9. Qd2 Bb7 10. e3 O-O $10 11.
Bd6 Bxd6 12. Qxd6 Rc8 13. Rd1 Ba6 14. b3 Bb7 15. a4 a6 16. f3 Rc6 17. Qd2 Qe7
18. Bd3 d5 19. O-O Rc7 20. cxd5 Nxd5 {Kortschnoj,V-Sax,G/ Wijk cm (01) 1991 1/
2-1/2 CBM/22}) 8... Bb7 9. e4 d6 10. Bd3 $1 (10. Be3 Be7 11. Bd3 O-O 12. O-O
Nd7 13. Qg3 Ne5 14. Be2 Rc8 15. b3 Bf6 16. Rac1 Ng6 17. Nb5 Bxe4 18. Qxd6 Bb2
19. Rcd1 Qf6 20. Qg3 Be5 21. f4 Bb8 22. Rd4 Bc6 23. Qg5 Qxg5 24. fxg5 Ne7 25.
Nd6 Bxd6 26. Rxd6 Nf5 27. Rd3 Nxe3 28. Rxe3 {Kortschnoj,V-Sax,G/ Wijk cm (03)
1991/ 1/2-1/2 CBM/22}) 10... Be7 11. Qg3 O-O 12. Bh6 $1 Ne8 13. Bd2 Rc8 14. O-O
Bf6 15. Rac1 g6 16. b3 (16. Bh6 $5) 16... a6 17. Qe3 (17. Rfd1 $5) 17... Bg7
18. Na4 Rc6 19. Be2 Nf6 20. Rfd1 Nd7 21. Bc3 Qe7 22. Bxg7 Kxg7 23. Nb2 Rd8 24.
Rc2 Rcc8 25. Rcd2 Nf6 26. f3 Rb8 27. a4 Qc7 28. Nd3 $14 {Kortschnoj,V-Sax,G/
Wijk cm (05) 1991 CBM/22}) (6... d5 $6 {Die einfachste Fortsetzung, die zu
einem kleinen aber sicheren Vorteil von Weiss führt.} 7. cxd5 exd5 (7... Nxd5
8. Nxc6 bxc6 9. Bd2 $14) 8. Bg5 Be7 (8... Bc5 9. e3 O-O 10. Nxc6 bxc6 11. Be2
Be7 12. O-O Nd7 13. Bxe7 Qxe7 14. Qc2 Nb6 15. Rfd1 Be6 16. e4 $1 Rfd8 17. exd5
Bxd5 18. Rd3 Bc4 19. Re3 Qf8 20. Ne4 Bxe2 21. Rxe2 Rac8 22. Ng5 $14 {Bagirov,
V-Simic,R/ Dieren op 1990}) 9. e3 O-O 10. Bb5 $1 Nxd4 (10... Bg4 11. Qa4 Nxd4
12. Qxd4 a6 13. Bd3 Qd7 14. O-O Rad8 15. Rac1 Bf5 $2 16. Rfd1 Bg4 17. Rd2 Qe6
18. h3 Bh5 19. Qh4 Bg6 $2 20. Bxg6 hxg6 21. Rcd1 $16 {Speelman,J-Timman,J/
Reykjavik WCup 1988 CBM/10 46/53}) (10... Ne5 11. O-O h6 12. Bh4 $14 (12. Bxf6
Bxf6 13. Qb3 a6 14. Be2 Nc6 15. Rad1 Bxd4 16. exd4 Be6 17. Bf3 Na5 18. Qa2 Nc4
19. Na4 b6 20. b3 Nd6 21. Qd2 Rb8 22. Rfe1 Nb5 23. Qb4 Na7 {Hansen,LB-Petran,
Pa/ Budapest Elekes/1989/ 1/2-1/2 CBM/14})) 11. Qxd4 Be6 12. O-O a6 13. Be2 h6
14. Bh4 Ne4 15. Bxe7 Nxc3 16. Qxc3 Qxe7 17. Qd4 $6 (17. Rac1 $5 $14) 17... Rac8
18. Rac1 Rc7 $1 19. Bf3 Rc4 $1 (19... Rfc8 $2 20. Rxc7 Qxc7 21. Bxd5 $1 $16 {
Speelman,J-De Firmian,N/ Moscow GMA op 1990}) 20. Qd2 Rfc8 21. Be2 R4c5 $10) (
6... Qb6 $6 {Dieser Zug hat sich als ganz erfolglos für Schwarz erwiesen. Von
den bisher 4 gespielten Partien wurden alle von Schwarz verloren.} 7. Nb3 d5 (
7... Ne5 $2 8. Be3 Qd8 9. Bf4 d6 (9... Nxc4 10. e4 $1 $146) 10. c5 $1 a6 11. e3
Qc7 12. cxd6 Qxd6 13. Be2 Be7 14. O-O O-O 15. Rc1 Qxd1 16. Rfxd1 Nc6 17. Bd6 (
17. Na4 $5) 17... Bxd6 18. Rxd6 Rd8 19. Rxd8+ Nxd8 20. Na4 Bd7 21. Nb6 $16 {
Speelman,J-Sax,G/ Thessaloniki olm 1988 46/48}) 8. Be3 Qd8 9. cxd5 Nxd5 10.
Nxd5 exd5 11. g3 Be7 (11... a5 12. Bg2 a4 13. Nd4 Qa5+ 14. Qd2 Qxd2+ 15. Kxd2
Na5 $2 (15... Be6 $14) 16. Bxd5 $1 Bh3 17. Rhd1 $1 Rd8 18. Ba2 Bc5 19. Ke1 $18
O-O 20. Rac1 b6 21. Nc2 Rb8 22. Bf4 Rb7 23. Ne3 Re8 24. Rc3 Be6 25. Bxe6 fxe6
26. Nc4 Nxc4 27. Rxc4 $18 {Stohl,I-Polgar,J/ Amsterdam OHRA-B 1990 CBM/20 50/
(43)}) (11... Bd6 12. Bg2 Be5 13. O-O $1 Bxb2 14. Ra2 Bf6 (14... Be5 $5) 15.
Rd2 O-O 16. Rxd5 Qc7 17. Bf4 Qb6 18. Nc5 Qb2 19. Nd3 Qa2 20. Bd6 Re8 21. Nf4
Bg4 22. Rd2 Qc4 23. Bd5 Qa6 24. h3 Bd7 25. Qb3 Nd8 26. Nh5 Bg5 27. Qb2 Bh6 28.
g4 $1 Kh8 29. Bf4 $1 Re7 30. Bc4 b5 31. Rd6 {1-0 Razuvaev,J-Horvath,Jo/ Stary
Smokovec 1990 CBM/21 50/43}) 12. Bg2 Bf6 13. Qd2 (13. O-O $5 $14) 13... d4 (
13... O-O 14. Rd1 $14) 14. Bxc6+ bxc6 15. Bxd4 Qd5 16. O-O-O Bg5 $1 (16... Qxb3
17. Bxf6 $16) 17. f4 Qxb3 18. Bxg7 $5 (18. fxg5 $5 O-O 19. Qc3 $14) 18... Be7
19. Bxh8 f6 20. e4 Kf7 (20... Rb8 $5) 21. f5 Rb8 22. Rhe1 Ba6 $2 (22... Bxa3 $2
23. Bxf6 $1 Kxf6 24. Qh6+ $18) 23. Qc2 $1 Qxc2+ 24. Kxc2 Rxh8 25. Rd7 Rd8 26.
Rxa7 Bd3+ 27. Kc3 Kf8 28. Rd1 Bxe4 29. Rxe7 $1 {1-0 Speelman,J-Sax,G/ Hastings
1990 CBM/22}) (6... Bc5 $5 {Dieser Zug führt zu einer komplizierten Stellung,
wo Schwarz gute Gegenchancen hat.} 7. Nb3 Be7 8. Bf4 (8. Bg5 h6 9. Bh4 O-O 10.
e3 b6 11. Be2 Ba6 12. O-O Ne5 13. Nd2 Bb7 14. Bg3 d6 15. Bxe5 dxe5 16. Bf3 Bxf3
17. Nxf3 Qc7 18. Qe2 e4 19. Nd4 Rfc8 20. b3 a6 21. Rfc1 h5 $36 22. Na4 Bd6 23.
g3 Bc5 24. Nc2 Qc6 25. Nb2 g6 26. b4 Be7 27. Nd4 Qd7 28. Rd1 e5 29. Nb3 Qh3 $17
{Stohl,I-Khalifman,A/ Manila izt 1990 CBM/19 49/(50)}) (8. e4 O-O (8... b6 $5
9. Be2 Ba6 $5) 9. Be2 b6 10. O-O (10. Be3 Bb7 (10... d6 $5) 11. c5 Na5 12. Nxa5
bxa5 13. f3 Rc8 14. Qb3 Ba8 15. Ba6 Rc6 16. Bb5 Qb8 17. Qc2 Rcc8 18. Qf2 Rfd8
19. Rd1 Qe5 20. Bd4 Qg5 21. h4 Qf4 22. e5 Nd5 23. g3 Qh6 24. Ne4 $13 {Hansen,
LB-Hansen,C/ Vejstrup 1989 CBM/15 48/(42)}) (10. f4 d6 11. Bf3 Bb7 12. O-O Rc8
13. Be3 Qc7 (13... Nb8 14. Nd2 Nbd7 15. Qe2 Qc7 16. Rac1 Qb8 17. g4 Ne8 18. g5
Nc7 19. Qg2 Rfe8 20. h4 $14 {Stohl,I-Benjamin,J/ Novi Sad ol 1990 50/46}) (
13... Ba6 $5 14. Nd2 d5 15. exd5 exd5 16. Bxd5 Re8 {/\ Bd6 ~/= Ftacnik}) 14. g4
Rfe8 15. Rc1 Qb8 16. Rc2 Ba6 $5 (16... Na5 17. Nxa5 bxa5 18. g5 Nd7 19. b3 Ba8
20. Qb1 d5 $1 $13 {Ftacnik} (20... Nb6 21. Kg2 $14 {Kortschnoj,V-Lautier,J/
Manila izt 1990 CBM/19 49/50})) 17. g5 Bxc4 18. gxf6 Bxb3 19. fxe7 Bxc2 20.
Qxc2 Nxe7 $13 {Ftacnik}) 10... Ba6 (10... Bb7 11. Be3 Rc8 12. Rc1 Ne5 $6 (12...
d6 $5) 13. Nb5 $1 Nxe4 14. Nxa7 Ra8 15. Nb5 d6 16. N3d4 Nf6 17. f4 Ned7 18. Bf3
Qc8 19. Qe2 $14 {Andersson,U-Polugaevsky,L/ Biel-A 1990 CBM/19 50/44}) 11. f4 (
11. Bf4 d6 12. Re1 Ne5 13. Nd2 Rc8 $1 (13... Nfd7 14. Bg3 Bf6 15. Nb5 Qb8 16.
b4 Rd8 17. Rc1 Bb7 18. Bf1 a6 19. Nc3 Qa7 20. Kh1 Rac8 $13 {Stangl,
M-Gschnitzer,O/ Wildbad 1990 EXP/20}) 14. b3 Ng6 15. Bg3 Bb7 16. b4 d5 $1 17.
e5 (17. exd5 exd5 18. Bf3 Ba8 $10 {Anand}) 17... Nd7 18. Bf1 Bh4 $1 19. f4 f6
$1 20. cxd5 $6 Bxg3 21. hxg3 Rxc3 22. Ne4 Rc7 23. dxe6 Bxe4 24. Rxe4 Ndxe5 $1
$17 (24... Nb8 25. Qb3 Kh8 $15 {Olafsson,H-Anand,V/ Novi Sad olm 1990 50/45}))
11... d6 12. Be3 Rc8 13. Rc1 (13. Bd3 Nd7 $5 14. Qd2 Nc5 15. Nxc5 bxc5 16. Rab1
Rb8 17. Ne2 Na5 18. Qc2 Nb3 19. Rf3 g6 20. f5 Bg5 $1 21. Bxg5 Qxg5 22. Rd1 e5
23. f6 Rb6 24. Qc3 Rfb8 25. Qe1 Bc8 $1 26. Nc3 Be6 27. Rf2 Nd4 28. Rdd2 h5 29.
Kh1 Nb3 30. Rd1 Nd4 31. Rdd2 $10 {Hansen,LB-Hellers,F/ Novi Sad olm 1990}) (13.
Kh1 Nb8 14. Nd2 d5 15. cxd5 exd5 16. e5 d4 17. Bxd4 Qxd4 18. exf6 Bxf6 19. Bxa6
Nxa6 20. Nde4 Nc5 21. Nxf6+ {Stohl,I-Horvath,Jo/ Stary Smokovec/1990/ 1/2-1/2
CBM/21 50/(45)}) 13... Re8 14. Kh1 Bf8 15. Qe1 Nb8 16. Nd2 Nbd7 $13 17. Qg3 Qc7
18. Rce1 Qb8 19. Qh4 Be7 20. Qh3 Bb7 21. Bd3 g6 22. Bb1 a6 23. Bf2 Nh5 24. Bh4
Bf8 25. Bd3 Bh6 26. Bg5 Bxg5 27. fxg5 Rc5 28. Qe3 Qd8 29. Nf3 Ne5 30. b4 Rc8 (
30... Nxf3 31. Qxf3 {>< f7}) 31. Nxe5 dxe5 32. Ne2 Re7 33. Rc1 Rd7 34. Rc3 Rc6
35. c5 bxc5 36. bxc5 Qa5 37. Rfc1 Ba8 38. h3 Rc8 39. Kh2 Bc6 40. Rb3 Rcd8 41.
Bc4 Rb7 42. Rb6 Rxb6 43. cxb6 Rd6 44. Rf1 Rd7 45. Qb3 Ng7 46. Nc3 Rb7 47. Rb1
Kf8 48. Qb4+ Qxb4 49. Rxb4 a5 50. Rb2 Ke7 51. Ba6 Rb8 52. b7 Kd6 53. Nb5+ Kc5
54. Nc3 Ne8 55. Bb5 Bxb5 56. Rxb5+ Kc4 57. Rxa5 Kxc3 58. Ra8 Rxb7 59. Rxe8 Kd4
60. Rh8 Kxe4 61. Rxh7 Kf4 62. h4 e4 63. Kg1 e3 64. Kf1 Ke4 65. Rh8 Rb1+ 66. Ke2
Rb2+ 67. Ke1 Rxg2 68. Rf8 f5 $1 {0-1 Smejkal,J-Chandler,M Bundesliga 1990/91})
8... O-O $5 (8... d5 $6 9. cxd5 Nxd5 10. Nxd5 exd5 11. e3 Bf6 12. Rb1 O-O 13.
Bd3 h6 (13... g6 $5) 14. O-O Qe7 15. Bc2 Rd8 16. Re1 Be5 17. Bxe5 Qxe5 18. Nd4
$14 g6 19. Qd2 Be6 20. Nxc6 bxc6 21. b4 Kg7 22. Ba4 Bd7 23. Rbc1 $14 {Dorfman,
I-Hansen,Cu/ Debrecen 1990 CBM/20 50/(44)}) 9. Rc1 (9. e3 b6 $1 10. Be2 Ba6 11.
Rc1 {-  Speelman,J-Polugaevsky,L/ Moscow GMA op 1990}) 9... d5 10. cxd5 Nxd5
11. Nxd5 exd5 12. e3 Bf6 13. Qc2 d4 14. Bd3 h5 15. e4 Be5 16. Bd2 Qf6 17. O-O
Bf4 18. Bxf4 Qxf4 19. g3 Qh6 20. f4 {Speelman,J-Chandler,M/ Hastings 1990/ 1/
2-1/2 CBM/22}) 7. e3 (7. g3 O-O 8. Bg2 d5 9. cxd5 (9. O-O Re8 $5 10. cxd5 exd5
11. Be3 Be6 12. Rc1 Qd7 13. Nxe6 fxe6 14. Bh3 Bf8 15. Nb5 Qf7 16. Nd4 Na5 17.
Nf3 Ne4 18. Qd3 Nc6 {Speelman,J-Gulko,B/ Amsterdam OHRA/1989/ 1/2-1/2 CBM/14})
9... exd5 10. O-O Re8) (7. Bg5 h6 8. Bh4 Qb6 9. e3 (9. Nxc6 dxc6 $1 10. b4 O-O
11. e3 a5 12. c5 Qc7 13. Rb1 axb4 14. axb4 e5 $10 {Kindermann}) 9... O-O 10. b4
a5 11. c5 $6 (11. b5 Ne5 12. Na4 Qd8 13. c5 d6 $10) 11... Qd8 12. Rb1 axb4 13.
axb4 b6 14. Nxc6 dxc6 15. Qxd8 Rxd8 16. Be2 bxc5 17. bxc5 Bxc5 18. O-O Be7 $17
{Hansen,C-Kindermann Dortmund 1988 45/42}) 7... d5 (7... O-O $5 8. Be2 b6 9.
O-O {1/2-1/2 Gulko,B-De Firmian,N Moscow GMA op 1990}) 8. cxd5 exd5 (8... Nxd5)
9. Bb5 Bd7 10. Nf3 a6 11. Be2 Bg4 12. h3 Bh5 13. Nh4 Bxe2 14. Nxe2 Ne4 15. Nf3
Bf6 16. O-O O-O 17. Rb1 Qd6 $10 18. Qd3 Rfd8 $11 19. b4 a5 20. b5 Ne5 21. Nxe5
Bxe5 22. Nd4 Nc5 23. Qd1 Ne6 24. Nxe6 fxe6 25. Qd3 Rdc8 26. Bd2 Rc4 27. Rfd1
Qc5 28. Kh1 Rf8 29. f4 Bc3 30. Bc1 a4 31. b6 g6 32. Kh2 Rc8 33. Rf1 Qe7 34. Qd1
R8c6 35. Qf3 Bf6 36. Kh1 Qd6 37. Bd2 Qxa3 38. f5 $5 gxf5 $6 (38... exf5 $5 39.
Qxd5+ Kg7 $15) 39. Qg3+ Kf7 40. Qb8 Qe7 41. Bb4 $1 Qd7 $2 (41... Rxb4 $1 42.
Rxb4 Be5 $1 43. Qxe5 (43. Qa8 Qxb4 44. Qxb7+ Rc7 $1 45. Qb8 Qc4 46. Rg1 Rc6 47.
Qxe5 Rxb6 48. Qh8 $15) 43... Qxb4 44. Qh8 $15) 42. Qf8+ Kg6 43. g4 $1 f4 44.
exf4 Qd8 45. f5+ exf5 46. gxf5+ Kh5 47. Qf7+ Kh6 48. Bd2+ Bg5 49. f6 1-0

[Event "Salamanca"]
[Site "Salamanca"]
[Date "1991.??.??"]
[Round "2"]
[White "Kortschnoj, Viktor Lvovich"]
[Black "Zapata, Alonso"]
[Result "1-0"]
[WhiteElo "2615"]
[BlackElo "2530"]
[Annotator "Ftacnik,L"]
[PlyCount "71"]
[EventDate "1991.04.??"]
[EventType "tourn"]
[EventRounds "11"]
[EventCountry "ESP"]
[EventCategory "10"]
[SourceTitle "CBM 023"]
[Source "ChessBase"]
[SourceDate "1991.08.01"]
[SourceVersion "1"]
[SourceVersionDate "1991.08.01"]
[SourceQuality "1"]

1. c4 g6 2. d4 Bg7 3. Nc3 c5 4. Nf3 Nf6 5. e4 O-O 6. Be2 d6 7. O-O Nc6 8. d5
Na5 9. Bf4 a6 10. h3 Nd7 11. Rc1 Rb8 12. b3 Qc7 13. Re1 Ne5 14. Nh2 $1 (14.
Nxe5 dxe5 15. Be3 b6 $10) 14... Bd7 15. Bd2 $1 f6 16. f4 Nf7 17. a4 Rfe8 18.
Ng4 Qd8 19. Rf1 e6 20. dxe6 Bxe6 21. f5 $1 gxf5 (21... Bd7 22. Nd5 (22. fxg6
hxg6 23. Nd5 Bxg4 24. Bxg4 Nc6 $14) 22... gxf5 23. exf5) 22. exf5 Bd7 23. Nd5
$1 Nxb3 24. Qxb3 Rxe2 25. Bc3 Ne5 26. Bxe5 dxe5 27. Qd3 Rb2 28. Ndxf6+ $1 Bxf6
29. Qxd7 Kh8 $8 (29... Qxd7 30. Nxf6+ Kf7 31. Nxd7 $18) (29... Rc8 30. Nh6+ $18
) 30. Qxd8+ Rxd8 (30... Bxd8 31. f6 Bc7 32. Rcd1 e4 33. Rd7 Bg3 34. Rg7 Rg8 (
34... Rf8 35. Nh6 Be5 36. Rg8+ Rxg8 37. Nf7#) 35. Re7 $1 Rf8 36. Rxe4 $18) 31.
Nxf6 Rdd2 32. Rf3 $1 Rxg2+ 33. Kf1 Kg7 (33... Rh2 34. Rg3 Rh1+ 35. Rg1 $18) 34.
Ne4 Rh2 35. Rg3+ Kf7 36. Kg1 {Ftacnik,L} 1-0

[Event "Salamanca"]
[Site "Salamanca"]
[Date "1991.??.??"]
[Round "4"]
[White "Kortschnoj, Viktor Lvovich"]
[Black "Sanz Alonso, Francisco Javier"]
[Result "1-0"]
[WhiteElo "2615"]
[BlackElo "2415"]
[PlyCount "131"]
[EventDate "1991.04.??"]
[EventType "tourn"]
[EventRounds "11"]
[EventCountry "ESP"]
[EventCategory "10"]
[SourceTitle "CBM 023"]
[Source "ChessBase"]
[SourceDate "1991.08.01"]
[SourceVersion "1"]
[SourceVersionDate "1991.08.01"]
[SourceQuality "1"]

1. Nf3 Nf6 2. c4 g6 3. Nc3 Bg7 4. e4 d6 5. d4 O-O 6. Be2 c5 7. O-O cxd4 8. Nxd4
Nc6 9. Be3 Nd7 10. Qd2 Nxd4 11. Bxd4 Nc5 12. Rad1 Be6 13. f4 f6 14. Qe3 Rc8 15.
f5 Bf7 16. Nd5 b6 17. b3 e6 18. fxe6 Bxe6 19. Nc3 Qe7 20. Qf4 Rcd8 21. Bf3 Nd7
22. Bg4 Bxg4 23. Qxg4 Ne5 24. Qh4 Qe6 25. Nd5 Rd7 26. Ba1 Rdf7 27. Rde1 Rb7 28.
Bd4 Rbf7 29. Bc3 Rb7 30. Re3 Rbf7 31. Rh3 Bh8 32. Ba1 Rb7 33. a4 Rbf7 34. Bc3
Rb7 35. Re3 Bg7 36. Re2 Rbf7 37. Re3 Rb7 38. h3 Rbf7 39. Kh1 Rb7 40. Re2 Rbf7
41. Ba1 Rb8 42. Qg3 Re8 43. Ref2 Ref8 44. Bxe5 dxe5 45. Qg4 Re8 46. Qxe6 Rxe6
47. g4 Rf8 48. Kg2 Rd8 49. h4 Rdd6 50. g5 fxg5 51. hxg5 Rd7 52. Kg3 Re8 53. Kg4
Rb7 54. Kg3 Rf8 55. Rxf8+ Bxf8 56. Nf6+ Kg7 57. Nxh7 Bc5 58. Nf6 Rb8 59. Rh1
Rh8 60. Rxh8 Kxh8 61. Nd7 Bd4 62. a5 Kg7 63. a6 Kf7 64. Nb8 b5 65. Nc6 Be3 66.
Kf3 1-0

[Event "Salamanca"]
[Site "Salamanca"]
[Date "1991.??.??"]
[Round "8"]
[White "Kortschnoj, Viktor Lvovich"]
[Black "San Segundo Carrillo, Pablo"]
[Result "1-0"]
[WhiteElo "2615"]
[BlackElo "2430"]
[Annotator "Ribli,Z"]
[PlyCount "67"]
[EventDate "1991.04.??"]
[EventType "tourn"]
[EventRounds "11"]
[EventCountry "ESP"]
[EventCategory "10"]
[SourceTitle "CBM 023"]
[Source "ChessBase"]
[SourceDate "1991.08.01"]
[SourceVersion "1"]
[SourceVersionDate "1991.08.01"]
[SourceQuality "1"]

1. Nf3 d6 2. d4 Bg4 3. e3 Nf6 4. c4 Nbd7 5. Nc3 e6 6. h3 Bh5 7. g4 Bg6 8. Nh4
Ne4 (8... c6 9. Bg2 d5 10. cxd5 cxd5 11. Nxg6 hxg6 12. g5 Ng8 13. e4 $13 {
Keitlinghaus,L-Klaric,Z Prague Bohemians-A 1990 CBM/17}) 9. Nxg6 Nxc3 10. bxc3
hxg6 11. Rb1 Rb8 12. Qa4 c6 13. Bd3 (13. Qxa7 $2 Ra8 14. Qxb7 Rb8 $19) 13... a6
14. Ke2 $5 Be7 15. e4 g5 16. Be3 g6 17. Qc2 Kf8 18. Kf1 Kg7 19. Kg2 e5 20. Rhd1
Bf6 21. Bf1 Qe7 22. f3 Rhd8 23. Qc1 c5 24. dxe5 Nxe5 25. Rd5 Rd7 26. Qd2 Re8
27. Rd1 Red8 28. h4 $1 Nxg4 29. hxg5 Rh8 30. gxf6+ Nxf6 31. Bg5 Qe6 32. Bxf6+
Qxf6 33. Qg5 Qxc3 34. e5 1-0

[Event "Salamanca"]
[Site "Salamanca"]
[Date "1991.??.??"]
[Round "10"]
[White "Kortschnoj, Viktor Lvovich"]
[Black "Hoffman, Alejandro"]
[Result "1-0"]
[WhiteElo "2615"]
[BlackElo "2415"]
[Annotator "Ftacnik,L"]
[PlyCount "43"]
[EventDate "1991.04.??"]
[EventType "tourn"]
[EventRounds "11"]
[EventCountry "ESP"]
[EventCategory "10"]
[SourceTitle "CBM 023"]
[Source "ChessBase"]
[SourceDate "1991.08.01"]
[SourceVersion "1"]
[SourceVersionDate "1991.08.01"]
[SourceQuality "1"]

1. c4 e6 2. Nc3 d5 3. d4 Nf6 4. Bg5 Be7 5. e3 O-O 6. Nf3 Nbd7 7. Qc2 c6 (7...
c5) 8. Bd3 dxc4 9. Bxc4 Nd5 10. h4 $5 Re8 (10... h6 11. O-O-O $22 hxg5 12. hxg5
g6 13. Rh6 Bxg5 14. Rxg6+ fxg6 15. Qxg6+ Kh8 16. Rh1+ $18) 11. e4 Nb4 (11...
Nxc3 12. bxc3 h6 13. Be3 $14) 12. Qe2 c5 13. O-O-O $1 cxd4 14. Rxd4 (14. Bxe7
Qxe7 15. Nxd4 Ne5 16. Bb3 Bd7 $132) 14... Nc6 15. Rd6 $3 f6 (15... Qc7 16. Bxe7
Rxe7 17. Rhd1 $16) 16. Bxe6+ Kh8 17. Rd2 fxg5 18. Rhd1 gxh4 (18... Ncb8 19. Ne5
Nxe5 20. Rxd8 Bxd8 21. Bxc8 $18) 19. Bxd7 Bxd7 20. Rxd7 Qa5 21. R1d5 Bc5 22.
Ng5 {Ftacnik,L} 1-0

[Event "Amsterdam Euwe Memorial"]
[Site "Amsterdam"]
[Date "1991.??.??"]
[Round "3"]
[White "Kortschnoj, Viktor Lvovich"]
[Black "Timman, Jan H"]
[Result "1-0"]
[WhiteElo "2615"]
[BlackElo "2630"]
[Annotator "Rogers,I"]
[PlyCount "45"]
[EventDate "1991.05.??"]
[EventType "tourn"]
[EventRounds "9"]
[EventCountry "NED"]
[EventCategory "16"]
[SourceTitle "CBM 023"]
[Source "ChessBase"]
[SourceDate "1991.08.01"]
[SourceVersion "1"]
[SourceVersionDate "1991.08.01"]
[SourceQuality "1"]

1. c4 e6 2. Nc3 d5 3. d4 Be7 4. Nf3 Nf6 5. Bg5 O-O 6. e3 h6 7. Bxf6 (7. Bh4 {
is more ambitious}) 7... Bxf6 8. Qd2 $5 a6 $2 {Kortschnoj's choice of such a
quiet opening line has given Timman a false sense of security. However this
careless pawn move is all the encouragement Kortschnoj needs to risk castling
queenside and trust that his central control will allow him to launch a
successful attack against Timman's king.} 9. O-O-O $1 Nc6 10. e4 {Hansen,Cu:
Showing that blacks moveorder is probably not exact. If black had played 8...
Nc6 then 9.0-0-0 would not have been dangerous because of 9...dxc4 10.Bxc4 e5.
Now he has problems with space and Bc8.} dxe4 11. Nxe4 b6 12. h4 Bb7 13. Qe3
Be7 14. Bd3 Qd7 15. Bb1 Rad8 (15... f5 16. Nc3 {is ugly for Black but would at
least have served to hold up White's attack for a while.}) 16. g4 f5 17. gxf5
exf5 18. Rhg1 $3 Bd6 {The knight is invulnerable so Timman sets a little trap,
Noticing this, Kortschnoj simply begins to push his opponent off the board.} (
18... fxe4 19. Qxe4 {gives White a crushing attack}) 19. Nxd6 (19. Qxh6 $2 fxe4
20. Bxe4 Bf4+ {and Black wins.}) 19... Qxd6 20. d5 Na5 21. Ne5 Rde8 22. f4 Re7
$2 23. Qc3 $1 {The dual threats of 24.Ng6 and 24.b4 are unstoppable. An
inauspicious preview for Timman for his upcoming World Championship Candidates
Quarter-final against Korchnoi later in the year.} 1-0

[Event "Amsterdam Euwe Memorial"]
[Site "Amsterdam"]
[Date "1991.??.??"]
[Round "4"]
[White "Van der Wiel, John"]
[Black "Kortschnoj, Viktor Lvovich"]
[Result "0-1"]
[WhiteElo "2530"]
[BlackElo "2615"]
[Annotator "Ftacnik,L"]
[PlyCount "68"]
[EventDate "1991.05.??"]
[EventType "tourn"]
[EventRounds "9"]
[EventCountry "NED"]
[EventCategory "16"]
[SourceTitle "CBM 023"]
[Source "ChessBase"]
[SourceDate "1991.08.01"]
[SourceVersion "1"]
[SourceVersionDate "1991.08.01"]
[SourceQuality "1"]

1. e4 {Kortschnoj} e6 2. d4 d5 3. Nc3 Nf6 4. Bg5 Be7 5. e5 Nfd7 6. Bxe7 Qxe7 7.
f4 O-O 8. Qd2 c5 9. Nf3 Nc6 10. O-O-O Nb6 (10... a6 11. dxc5 Qxc5 12. Bd3 b5 $2
13. Bxh7+ Kxh7 14. Ng5+ Kg8 15. Qd3 Re8 16. Qh7+ Kf8 17. Qh5 $1 Nd8 18. Nh7+
Kg8 19. Rd3 $1 Qe7 20. Rh3 f6 21. Nxf6+ Nxf6 22. exf6 {1-0/Chandler,M-Agnost/
London/1989/}) 11. dxc5 Qxc5 12. Bd3 Bd7 13. Bxh7+ $5 (13. Kb1 Rac8 (13... Rfc8
14. Nb5 $1 $16 {Sax,G-Kortchnoi,V/Rotterdam EU-Cupf/1988/}) (13... a6 14. Bxh7+
Kxh7 15. Ng5+ Kg8 16. Qd3 Rfe8 17. Qh7+ Kf8 18. Qh4 $5 Rec8 19. Qh8+ $6 Ke7 20.
Qxg7 Kd8 21. Qxf7 Qe7 $13 {Sieiro Gonzales-Paneque/Cuba-ch/1989/}) 14. Bxh7+
Kxh7 15. Ng5+ Kg8 16. Qd3 Rfe8 17. Qh7+ Kf8 18. Qh5 Ke7 19. Nxf7 Na5 $1 $8 20.
Nd6 $13 {0,5/Sax,G-Timman/Rotterdam/1989/}) (13. Kb1 {Kortschnoj had been
played in Sax-Kortchnoi and Sax-Timman (1989).}) 13... Kxh7 14. Ng5+ Kg8 15.
Qd3 Rfe8 (15... Rfc8 $5 {Kortschnoj is the alternative.}) 16. Qh7+ Kf8 17. Rhe1
(17. Qh4 $5 Rec8 18. Rd3 $40) (17. Qh5 Ke7 (17... Qe3+ 18. Kb1 Ke7 19. Qxf7+
Kd8 20. Rhe1 $36) 18. Nxf7 Na5 $13 (18... Qe3+ 19. Kb1 Qxf4 $2 20. Rhf1 $18)) (
17. Qh8+ {Kortschnoj} Ke7 18. Qxg7 Qe3+ 19. Kb1 Qxf4 20. Rhf1 Rg8 {and black
wins.}) 17... Qb4 $1 18. Qh8+ (18. Nce4 dxe4 19. Qh8+ Ke7 20. Qxg7 Kd8 $17) (
18. Qh4 $5) 18... Ke7 19. Qh4 Kd8 $1 $8 (19... f6 20. a3 $1 Qa5 21. exf6+ gxf6
22. Nxe6 Bxe6 23. f5 $16) (19... Rh8 {Kortschnoj} 20. Nh7+ f6 21. exf6+ Kf7 22.
fxg7 Rxh7 23. Qxh7 Rg8 24. Qh5+ Kxg7 {is stronger. Because of two threats Nc4
or Qf4 white has to be satisfied with a perpetual check.}) 20. Nxe6+ Kc8 21. a3
(21. Nxg7 $2 Nc4 $1 22. Na4 $8 Qxa4 23. Nxe8 Bxe8 $19) 21... Qe7 22. Ng5 (22.
Qxe7 Nxe7 23. Nxg7 Rg8 24. Nh5 (24. e6 fxe6 25. Nxe6 Rxg2) 24... Rxg2 $15)
22... f6 $1 (22... Be6 23. g4 g6 24. Qg3 $146) 23. e6 $6 (23. exf6 Qxf6 24.
Rxe8+ Bxe8 25. Nxd5 Nxd5 26. Rxd5 a5 $5 (26... Kc7 27. f5 Rd8 28. Qf4+ $1 (28.
Ne6+ Qxe6 29. Qxd8+ (29. fxe6 Rxd5 $13) 29... Nxd8 30. fxe6 Nxe6 $14) 28... Kb6
29. Qe3+) (26... Bd7 {Kortschnoj} 27. Qh8+ Kc7 28. Qxa8 Qxf4+ 29. Rd2 Qxg5 30.
Qf8 {and white has a slight edge.}) 27. f5 Kc7 $13) 23... fxg5 24. exd7+ Qxd7
25. Qxg5 (25. Rxe8+ {Kortschnoj was more exact.} Qxe8 26. Qxg5 {White would
win the pawn d5 with equal play.}) 25... Rxe1 26. Rxe1 a6 27. f5 (27. Rd1 Ne7
28. Re1 Ng8 29. Rd1 Nf6) (27. Rd1 {Kortschnoj and white still has had about
equal chances.}) 27... Kb8 28. Re6 Ka7 29. Rg6 Re8 $1 30. Rxg7 Re1+ 31. Nd1 (
31. Kd2 Qe8 32. b3 d4 $19) 31... Qe8 32. f6 (32. Rg8 Qe4 $40) 32... Qe4 33. Qd2
Nc4 34. Qf2+ Ne3 $1 {Ftacnik,L} 0-1